000 00916nas a2200313 4500
001 BR9200146
003 BR-BrBNA
005 20231205092222.0
007 ta
008 230509b bl.|||p| |||| 00| 00por d
040 _aBR-BrBNA
_bpor
_cBiblioteca Nacional de Agricultura
041 _a(Pt)
072 _aF01
100 1 _aSantinato, R.
100 1 _aMatiello, J.B.
100 1 _aPregelli, E.C. da C.
245 1 _aDoses crescentes e modo de calagem dolomitica na formacao do cafeeiro em solo LVA fase arenosa - Bandeirantes-MS
650 _aCAFE
650 _aSOLO ARENOSO
650 _aCALAGEM
650 _aACIDEZ DO SOLO
650 _aALUMINIO
650 _aCALCARIO
650 _aBANDEIRANTES
650 _aMATO GROSSO DO SUL
773 0 _tCafeicultura Moderna (Brazil)
_x
_g(Mar-Jun 1989), v. 2(6) p. 11-12
_wBR9200146
909 _a202311
_bLúcia
_c55
_dLúcia Elande
942 _2AGRIS
_n0
_cANA
999 _c130174
_d130174